000 00628nam a2200181Ia 4500
008 090124s9999 xx 000 0 und d
082 _b20529
100 _aआपटे हरि नारायण
245 _a मराठी वाड्.मयाचा अभ्यास
250 _a4
260 _c1964
300 _a41
600 _aआपटे हरि नारायण
630 _a मराठी वाड्.मयाचा अभ्यास
700 _aआपटे हरि नारायण
730 _a मराठी वाड्.मयाचा अभ्यास
942 _cBOOK
999 _c134334
_d134334